000 00669nam a22001937a 4500
005 20251108172958.0
008 250721s1985 xx 000 0 ara d
082 1 4 _a371.33/حمد
100 1 _aحمدان، محمد زياد
245 1 0 _aخرائط أساليب التعلم : تخطيطهما و إستخدامها في ترشيد التربية الإسلامية /
264 1 _aعمان :
_bدار التربية الحديثة،
_c1985.
300 _a205ص
650 1 7 _aأساليب التعلم
650 1 7 _aوسائل التدريس
650 1 7 _aالتربية
650 1 7 _aالتربية الإسلامية
942 _2ddc
_cBK
999 _c93224
_d93224